Catalog

Record Details

Catalog Search



Available copies

  • 1 of 2 copies available at LARL/NWRL Consortium. (Show)
  • 1 of 2 copies available at Lake Agassiz Regional Library.

Current holds

0 current holds with 2 total copies.

Show All Copies
Location Call Number / Copy Notes Barcode Shelving Location Status Due Date
Hawley Public Library Y G LAW (Text) 33500013870126 Main Available -

Record details

  • ISBN: 9780593524299
  • ISBN: 0593524292
  • ISBN: 9780593524282
  • ISBN: 0593524284
  • Physical Description: 1 volume (unpaged) : color illustrations ; 24 cm
  • Publisher: New York : Razorbill, 2023.

Content descriptions

Summary, etc.:
Gwen, an aspiring witch, and her two monster best ... Read More
Target Audience Note:
Ages 10-14 years. Razorbill.
Subject: Halloween > Comic books, strips, etc. > Juvenile fiction.
Witches > Comic books, strips, etc. > Juvenile fiction.
Vampires > Comic books, strips, etc. > Juvenile fiction.
Werewolves > Comic books, strips, etc. > Juvenile fiction.
Halloween > Fiction.
Witches > Fiction.
Vampires > Fiction.
Werewolves > Fiction.
Graphic novels.
Genre: Graphic novels.
Witch comics > Fiction.
Graphic novels.
Witch comics.
Vampire comics.
Werewolf comics.
Graphic novels.
LDR 02557cam a22006618i 4500
001420327
003LARL_NWRL_CONSORTIUM
00520240820221857.0
008221202t20232023nyua c 6 000 1 eng
010 . ‡a 2022051260
040 . ‡aDLC ‡beng ‡erda ‡cDLC ‡dBDX ‡dOCLCF ‡dYDX ‡dCHILD ‡dJAS ‡dSDG
019 . ‡a1354648311
020 . ‡a9780593524299 ‡q(hardcover)
020 . ‡a0593524292 ‡q(hardcover)
020 . ‡a9780593524282 ‡q(paperback)
020 . ‡a0593524284 ‡q(paperback)
020 . ‡z9780593524312 ‡q(nook edition)
020 . ‡z9780593524305 ‡q(kindle edition)
020 . ‡z9780593524329
035 . ‡a(OCoLC)1354648129 ‡z(OCoLC)1354648311
042 . ‡apcc
08200. ‡a741.5/973 ‡223/eng/20220812
1001 . ‡aLawton, Moss, ‡eauthor.
24510. ‡aHellaween / ‡cMoss Lawton ; color by Victoria Harris.
264 1. ‡aNew York : ‡bRazorbill, ‡c2023.
264 4. ‡c©2023
300 . ‡a1 volume (unpaged) : ‡bcolor illustrations ; ‡c24 cm
336 . ‡atext ‡btxt ‡2rdacontent
336 . ‡astill image ‡bsti ‡2rdacontent
337 . ‡aunmediated ‡bn ‡2rdamedia
338 . ‡avolume ‡bnc ‡2rdacarrier
4900 . ‡aHellaween ; ‡v1
521 . ‡aAges 10-14 years. ‡bRazorbill.
520 . ‡aGwen, an aspiring witch, and her two monster best friends try to have a fun-filled Halloween, but must contend with a local kid obsessed with hunting the supernatural.
650 0. ‡aHalloween ‡vComic books, strips, etc. ‡vJuvenile fiction.
650 0. ‡aWitches ‡vComic books, strips, etc. ‡vJuvenile fiction.
650 0. ‡aVampires ‡vComic books, strips, etc. ‡vJuvenile fiction.
650 0. ‡aWerewolves ‡vComic books, strips, etc. ‡vJuvenile fiction.
650 1. ‡aHalloween ‡vFiction. ‡0(LARL_NWRL_CONSORTIUM)165596
650 1. ‡aWitches ‡vFiction. ‡0(LARL_NWRL_CONSORTIUM)168002
650 1. ‡aVampires ‡vFiction. ‡0(LARL_NWRL_CONSORTIUM)167805
650 1. ‡aWerewolves ‡vFiction. ‡0(LARL_NWRL_CONSORTIUM)167924
650 1. ‡aGraphic novels. ‡0(LARL_NWRL_CONSORTIUM)40036
655 0. ‡aGraphic novels.
655 4. ‡aWitch comics ‡vFiction.
655 7. ‡aGraphic novels. ‡2fast
655 7. ‡aWitch comics. ‡2lcgft
655 7. ‡aVampire comics. ‡2lcgft
655 7. ‡aWerewolf comics. ‡2lcgft
655 7. ‡aGraphic novels. ‡2lcgft
7001 . ‡aHarris, Victoria ‡q(Victoria S.), ‡ecolorist.
77608. ‡iOnline version: ‡aLawton, Moss. ‡tHellaween ‡dNew York : Razorbill, 2023 ‡z9780593524312 ‡w(DLC) 2022051261
905 . ‡uvanderl
901 . ‡a420327 ‡b ‡c420327 ‡tbiblio ‡soclc

Additional Resources